000 00651cam a22002171 4500
001 ca 36001317
003 DLC
005 20260227111143.0
008 790209s1931 nyua 000 0 eng
010 _aca 36001317
035 _a(OCoLC)4633413
040 _aDLC
_cNcWsW
_dDLC
042 _apremarc
050 0 0 _aPN4305.N6
_bK334
082 _a791.1
100 1 _aKaser, Arthur LeRoy,
_d1890-1956.
245 1 0 _aCotton cuties lady minstrels,
_ba complete minstrel show for ladies,
_cby Arthur LeRoy Kaser.
260 _aNew York,
_bFitzgerald publishing corporation
_c[c1931]
300 _a60 p.
_bdiagr.
_c19 cm.
490 0 _aPlayhouse specialties
999 _c18246
_d18246